00965cam a22002651 4500001001300000003000400013005001700017008004100034010001700075035001900092040005900111042001200170043000900182050002800191082001000219100002900229245006400258260004300322300004300365490013000408650001300538650002300551810010800574999001700682s 48000002 DLC20260227111912.0771006s1948 dcua f001 0 eng c as 48000002  a(OCoLC)3322994 aSmithsonian Institiution. LibrarycMnStpeGdOCoLCdDLC apremarc aPOTT00aQK1b.U5 vol. 30, pt. 2 a584.91 aBurcham, L. T.q(Lee T.)00aObservations on the grass flora of certain Pacific islands. aWashington,bGovt. print. off.,c1948. aiii, 405-447, v-vii p.billus.c24 cm.1 aSmithsonian institution. United States national museum. Contributions from the United States national herbarium.vv. 30, pt.2 0aGrasses. 0aBotanyzMelanesia.2 aUnited States National Museum.tContributions from the United States National Herbarium ;vv. 30, pt.2. c52786d52786